书目信息 |
| 题名: |
聪明宝宝营养辅食轻松做
|
|
| 作者: | 萨巴蒂娜 主编 | |
| 分册: | ||
| 出版信息: | 北京 中国轻工业出版社 2018 |
|
| 页数: | 191页 | |
| 开本: | 24cm | |
| 丛书名: | ||
| 单 册: | ||
| 中图分类: | TS972.12 , TS972.162 | |
| 科图分类: | ||
| 主题词: | 婴幼儿--食谱 | |
| 电子资源: | ||
| ISBN: | 978-7-5184-1850-3 | |
| 000 | 00939nam0 2200241 450 | |
| 001 | 2455026279 | |
| 005 | 20241125151724.10 | |
| 010 | @a978-7-5184-1850-3@dCNY49.80 | |
| 100 | @a20180513d2018 em y0chiy50 ea | |
| 101 | 0 | @achi |
| 102 | @aCN@b110000 | |
| 105 | @aa z 000yy | |
| 200 | 1 | @a聪明宝宝营养辅食轻松做@9cong ming bao bao ying yang fu shi qing song zuo@f萨巴蒂娜主编 |
| 210 | @a北京@c中国轻工业出版社@d2018 | |
| 215 | @a191页@c彩照@d24cm | |
| 300 | @a萨巴厨房 | |
| 330 | @a本书根据0-3岁宝宝的营养需求和身体发育特点,精选出宝宝辅食食谱,配以详细的制作过程图,帮助新手父母成为宝宝的“辅食达人”。在每个月龄开篇,都给出了喂养方案,方便妈妈们更好地安排宝宝的主食与加餐,让宝宝的小餐桌每天都有不同的变化,让宝宝爱上吃饭。 | |
| 606 | 0 | @a婴幼儿@x食谱 |
| 690 | @aTS972.12@v5 | |
| 690 | @aTS972.162@v5 | |
| 701 | 0 | @a萨巴蒂娜@9sa ba di na@4主编 |
| 801 | 0 | @aCN@b大连网信软件有限公司图书馆·11@c20241125 |
| 905 | @aZUCC@dTS972.12@e73 | |
| 聪明宝宝营养辅食轻松做/萨巴蒂娜主编.-北京:中国轻工业出版社,2018 |
| 191页:彩照;24cm |
| 萨巴厨房 |
| ISBN 978-7-5184-1850-3:CNY49.80 |
| 本书根据0-3岁宝宝的营养需求和身体发育特点,精选出宝宝辅食食谱,配以详细的制作过程图,帮助新手父母成为宝宝的“辅食达人”。在每个月龄开篇,都给出了喂养方案,方便妈妈们更好地安排宝宝的主食与加餐,让宝宝的小餐桌每天都有不同的变化,让宝宝爱上吃饭。 |
| ● |
| 相关链接 |
|
|
|
正题名:聪明宝宝营养辅食轻松做
索取号:TS972.12/73
 
预约/预借
| 序号 | 登录号 | 条形码 | 馆藏地/架位号 | 状态 | 备注 |
| 1 | 2000978741 | 2000978741 | 第四书库/四27架A面2层5列/ [索取号:TS972.12/73] | 在馆 | |
| 2 | 2000978742 | 2000978742 | 第四书库/四27架A面2层5列/ [索取号:TS972.12/73] | 在馆 | |
| 3 | 2000978743 | 2000978743 | 第四书库/四27架A面2层5列/ [索取号:TS972.12/73] | 在馆 | |
| 4 | 2000978744 | 2000978744 | 第四书库/四27架A面2层5列/ [索取号:TS972.12/73] | 在馆 | |
| 5 | 2000978745 | 2000978745 | 第四书库/四27架A面2层5列/ [索取号:TS972.12/73] | 在馆 | |
| 6 | 2000978746 | 2000978746 | 第四书库/四27架A面2层5列/ [索取号:TS972.12/73] | 在馆 |